| 000 | 00954nam a2200265 c 4500 | ||
|---|---|---|---|
| 999 |
_c23159 _d23159 |
||
| 003 | BLK | ||
| 005 | 20210119130036.0 | ||
| 008 | 180413b bul|||||r ||||||| ||bul|| | ||
| 010 | _aKNG00025632000 | ||
| 020 | _a954-407-091-5 | ||
| 040 | _aBLK | ||
| 041 |
_aBUL _cBUL |
||
| 080 |
_aФилософски системи и направления _b14 _x(091) _z14(091) |
||
| 100 | 1 |
_aХънекс, Милтън Д. _eпърви автор _9138749 |
|
| 139 |
_aХънекс, Милтън Д. _bХ 96 |
||
| 245 | 1 | 0 |
_aХронологични и тематични диаграми на философските системи _cМилтън Д. Хънекс. |
| 260 |
_bНов човек _c1998 _aСофия |
||
| 300 |
_a106 с. _bсъс сх. _c29 см |
||
| 380 | _a1 | ||
| 852 | _aЦб ІІ 10023 | ||
| 856 | 4 |
_qpdf _u |
|
| 856 | 4 |
_qpdf _u |
|
| 942 |
_cKNG _n0 _s1 |
||
| 944 |
_aCR _c15.01.2003 _kКети_Илиева |
||
| 944 |
_aED _c14.09.2007 |
||
| 999 | _d23159 | ||